000 00725nam a2200265Ia 4500
001 37024
005 20240114001918.0
007 ta
008 070522s1914 g b000 u 465 u
040 _aCotton College Assam
041 _a465
082 _a940.27
_bG 934 P
100 _aGuedalla, Philip .
245 0 _aThe Partition of Europe: A Textbook of European History 1715-1815 /
_cPhilip Guedalla.
_hTextual Documents
250 _a1st ed. /
260 _aOxford :
_bAt the Clarendon Press ,
_c1914.
300 _a306p. ;
_c20cm.
653 _aEuropean History
653 _aG-History
942 _2ddc
_cBK
999 _c37006
_d37006